How does the constitution secure rights?
Guardat en:
| Autors principals: | , |
|---|---|
| Format: | Llibre |
| Idioma: | anglès |
| Publicat: |
Washington, D.C
American Enterprise Institute for Public Policy Research
1985
|
| Col·lecció: | American Enterprise Institute Constitutional Studies
|
| Matèries: | |
| Etiquetes: |
Afegir etiqueta
Sense etiquetes, Sigues el primer a etiquetar aquest registre!
|
MARC
| LEADER | 00000nam a2200000 a 4500 | ||
|---|---|---|---|
| 001 | UCT9689 | ||
| 003 | CL-VaPUC | ||
| 008 | 970411e19850000US |||||||||||||||||eng|d | ||
| 082 | 0 | 4 | |a 342.73 |b GOL |2 21 |
| 100 | |a Goldwin, Robert A |e author |9 382607 | ||
| 700 | 0 | |a Schambra, William A |e author |9 382608 | |
| 245 | 1 | 0 | |a How does the constitution secure rights? |
| 300 | |a 125 p | ||
| 942 | |c BK | ||
| 945 | |d 19970411 00:00:00 |a paguirre | ||
| 260 | |a Washington, D.C |b American Enterprise Institute for Public Policy Research |c 1985 | ||
| 650 | 0 | |a Constituciones |9 255417 | |
| 650 | 0 | |a Derecho constitucional |9 222588 | |
| 650 | 0 | |a Derechos civiles y políticos |9 338684 | |
| 650 | 0 | |a Libertad individual |9 352859 | |
| 650 | 0 | |a Federalismo |9 313886 | |
| 651 | 0 | |a Estados Unidos |9 255178 | |
| 583 | |a last modification |c 19970411 00:00:00 |k Rodrigo Vera | ||
| 490 | 0 | |a American Enterprise Institute Constitutional Studies | |
| 999 | |c 258068 |d 258066 | ||
| 952 | |0 0 |1 0 |4 0 |6 342_730000000000000_GOL_1985 |7 0 |8 A |9 281856 |a BIBDER |b BIBDER |d 2019-11-19 |i 1828681 |o 342.73 GOL 1985 |p 1828681 |r 2023-01-25 |w 2019-11-19 |y BK |k DER | ||